LEADER 02731oam 2200625 450 001 9910713731203321 005 20220401121357.0 024 8 $a40-602 035 $a(CKB)5470000002504374 035 $a(OCoLC)1182809074 035 $a(EXLCZ)995470000002504374 100 $a20200807d2020 ua 0 101 0 $aeng 135 $aur||||||||||| 181 $ctxt$2rdacontent 182 $cc$2rdamedia 183 $acr$2rdacarrier 200 10$aHearing on National Defense Authorization Act for fiscal year 2021 and oversight of previously authorized programs before the Committee on Armed Services, One Hundred Sixteenth Congress, second session $eSubcommittee on Tactical Air and Land Forces hearing on the fiscal year 2021 Army and Marine Corps ground systems modernization programs : hearing held March 5, 2020 210 1$aWashington :$cU.S. Government Publishing Office,$d2020. 215 $a1 online resource (iii, 80 pages) 300 $aAccess ID (govinfo): CHRG-116hhrg40602. 300 $a"H.A.S.C. no. 116-75." 517 $aHearing on National Defense Authorization Act for fiscal year 2021 and oversight of previously authorized programs before the Committee on Armed Services, One Hundred Sixteenth Congress, second session 606 $aDefense industries$zUnited States 606 $aResearch and development projects$zUnited States 606 $aArmored vehicles, Military$zUnited States 606 $aArmed Forces$xAppropriations and expenditures$2fast 606 $aArmed Forces$xEquipment and supplies$2fast 606 $aArmed Forces$xWeapons systems$2fast 606 $aArmored vehicles, Military$2fast 606 $aDefense industries$2fast 606 $aResearch and development projects$2fast 607 $aUnited States$2fast 608 $aLegislative hearings.$2fast 608 $aLegislative hearings.$2lcgft 615 0$aDefense industries 615 0$aResearch and development projects 615 0$aArmored vehicles, Military 615 7$aArmed Forces$xAppropriations and expenditures. 615 7$aArmed Forces$xEquipment and supplies. 615 7$aArmed Forces$xWeapons systems. 615 7$aArmored vehicles, Military. 615 7$aDefense industries. 615 7$aResearch and development projects. 801 0$bGPO 801 1$bGPO 801 2$bOCLCA 801 2$bGPO 801 2$bOCLCF 801 2$bOCLCQ 801 2$bGPO 906 $aBOOK 912 $a9910713731203321 996 $aHearing on National Defense Authorization Act for fiscal year 2021 and oversight of previously authorized programs before the Committee on Armed Services, One Hundred Sixteenth Congress, second session$93541619 997 $aUNINA LEADER 01805oam 22005534a 450 001 9910777669403321 005 20230207224737.0 010 $a0-7914-8581-1 010 $a1-4237-3919-1 035 $a(CKB)1000000000458460 035 $a(OCoLC)62757603 035 $a(CaPaEBR)ebrary10594782 035 $a(SSID)ssj0000108469 035 $a(PQKBManifestationID)11745623 035 $a(PQKBTitleCode)TC0000108469 035 $a(PQKBWorkID)10044708 035 $a(PQKB)10167649 035 $a(MiAaPQ)EBC3408455 035 $a(OCoLC)62365204 035 $a(MdBmJHUP)muse6093 035 $a(EXLCZ)991000000000458460 100 $a20030204d2004 uy 0 101 0 $aeng 135 $aurcn||||||||| 181 $ctxt 182 $cc 183 $acr 200 00$aBad$b[electronic resource] $eInfamy, Darkness, Evil, and Slime on Screen /$fedited by Murray Pomerance 210 $aAlbany $cState University of New York Press$dc2004 215 $a1 online resource (376 p.) 225 0 $aThe SUNY series, cultural studies in cinema/video Bad 225 0$aSUNY series, cultural studies in cinema/video 300 $aBibliographic Level Mode of Issuance: Monograph 311 $a0-7914-5939-X 320 $aIncludes bibliographical references and index. 606 $aSocial problems in motion pictures 606 $aSensationalism in motion pictures 606 $aGood and evil in motion pictures 615 0$aSocial problems in motion pictures. 615 0$aSensationalism in motion pictures. 615 0$aGood and evil in motion pictures. 676 $a791.43/653 701 $aPomerance$b Murray$f1946-$0883499 801 0$bMdBmJHUP 801 1$bMdBmJHUP 906 $aBOOK 912 $a9910777669403321 996 $aBad$93810928 997 $aUNINA